The Ocean-Lemon Demon Lyrics - Statistics

General Stats
  • This quiz has been taken 30 times
  • The average score is 153 of 268
Answer Stats
Answer % Correct
I
100%
the
100%
a
95%
like
89%
on
89%
Set
84%
set
84%
am
79%
for
79%
For
79%
ocean
79%
Ocean
79%
(Ocean
79%
sail
79%
whale
79%
my
74%
and
68%
And
68%
Ballroom
68%
ballroom
68%
dance
68%
girlfriend
68%
in
68%
In
68%
me
68%
Me
68%
mermaid
68%
no
68%
seagulls
68%
slow-motion
68%
wave
68%
approachin
63%
can
63%
feel
63%
is
63%
literally
63%
storm
63%
There
63%
cup
58%
of
58%
tea
58%
to
58%
you
58%
cannot
53%
eyes
53%
horizon
53%
But
47%
but
47%
way
47%
way)
47%
love
42%
our
42%
Saltwater's
42%
stop
42%
We
42%
we
42%
As
37%
can't
37%
just
37%
(Just
37%
Just
37%
know
37%
they
37%
abound
32%
go
32%
heart
32%
hello
32%
La
32%
la
32%
only
32%
place
32%
say
32%
show
32%
Show
32%
thats
32%
Thats
32%
They'll
32%
tide
32%
which
32%
will
32%
yes
32%
Yes
32%
adventure
26%
always
26%
around
26%
be
26%
Cause
26%
dolphins
26%
find
26%
found
26%
keep
26%
Look
26%
reside
26%
well
26%
atlanticized
21%
body's
21%
constellations
21%
danger
21%
ever
21%
felt
21%
it
21%
I've
21%
land
21%
lose
21%
(Lose
21%
may
21%
mind
21%
Oh
21%
Or
21%
pacified
21%
rhythm
21%
slightly)
21%
slightly
21%
some
21%
you'll
21%
careful
16%
fact
16%
fear
16%
refer
16%
smell
16%
were
16%
how
11%
Monsters
11%
navigations
11%
Now
11%
pursue
11%
this
11%
trust
11%
who
11%
with
11%
frontier
5%
strange
5%
No matching quizzes found
Score Distribution
Percent of People with Each Score
Percentile by Number Answered
Your Score History
You have not taken this quiz